000 00654nam a2200169 i 4500
001 104793
003 ES-MaACL
005 20230906183704.0
007 t|
008 051212s1950 sp ||||1| spa d
100 1 _aMiralles de Imperial y Gómez, Claudio.
_981499
245 1 3 _aEl madrileño Santiago de Vera, sexto gobernador de las Islas Filipinas
_b: estudio genealógico biográfico /
_cpor Claudio Miralles de Imperial y Gómez.
260 _aMadrid :
_b[s.n.],
_c1950.
300 _a19 p. ;
_c25 cm.
500 _aEs separata de la Rev. Archivos, Bibliotecas y Museos. T.- LVI. Año 1950.pág. 557-575.
852 _aES-MaACL
_j1926-F-4
_bR.30940
999 _c104793
_d104793